000 01120nam0a22002771 4500
001 rc\2822944
005 20250529200159.0
035 _a(NLR Aleph) 006981298
090 _a5534226
_c5534226
100 _a20110622d1930 |||y0rusy50 ca
101 0 _arus
102 _aRU
105 _aab z |||||
200 1 _aНаш Союз
_fК.А. Бялецкий, С.С. Кривцов, Э.Г. Кульман, М.П. Потемкин, И.Н. Хибарин и А.А. Яковлев
_gПод ред. С.С. Кривцова
_iНижневолжский край
210 _aМосква
_cГосиздат РСФСР "Московский рабочий"
_d1930
_eКалуга
_gтип. КОСНХ
215 _a117, [2] с.
_cил., карт.
_d17×13 см
300 _aОбложка: Н. П[еленкин]
700 1 _aБялецкий
_bК.А.
_gКонстантин Альфонсович
701 1 _aКривцов
_bС.С.
701 1 _aКульман
_bЭ.Г.
702 1 _aПеленкин
_bН.
_4570
801 0 _aRU
_bNLR
_gpsbo
801 1 _aRU
_bELAR
_2rusmarc
852 _aNLR
_j30.8/3735
942 _cBOOK
980 _aNB